| 000 | 00561nam a2200193 a 4500 | ||
|---|---|---|---|
| 003 | SISC | ||
| 005 | 20160610160122.0 | ||
| 008 | 121121s19uu xx 00 eng d | ||
| 020 | _a97781933766218 | ||
| 050 |
_aHD 279 _b.B956 2008 |
||
| 100 | _aBurghgraef, Rich. | ||
| 245 |
_aClosing the deal : _bhot sales strategies that make money / _cby Rich Burghgraef. |
||
| 260 |
_aFox Island, WA : _bEncouragement Press, _c2008. |
||
| 300 |
_av, 153 pages ; _c23 cm. |
||
| 650 | _aSales | ||
| 650 | _aCustomer relations | ||
| 942 |
_cBK _2lcc _kFOR |
||
| 999 |
_c25396 _d25396 |
||